000 01881ncm0a2200373 4500
001 RU\NLR\ONIZ\212363
005 20250624195724.0
013 _a979-0-706363-33-2
021 _aRU
_b09-294н
_909-26н
035 _aRU\NLR\ONIZ\lanatalya\5000003688\20150714120928
035 _a(NLR Aleph) 010891889
071 2 0 _a053
090 _a10558653
_c10558653
100 _a20150616d2009 |||y0rusy50 ca
101 0 _arus
102 _aRU
125 _azx
145 0 _ab
200 1 _aБалалайка. Хрестоматия
_bНоты
_e1-3 кл. ДМШ
_fсост. и исполнит. ред. В. Д. Глейхмана
210 _aМосква
_cКифара
_dcop. 2009
215 _a188 с.
_d29 см
313 _aСистематизация документа проведена по изданию - Методика классифицирования музыкальных произведений (нотных изданий) по таблицам Библиотечно-библиографических классификаций : метод. рекомендации / Гос. б-ка СССР им. В.И. Ленина.- М., 1977. Индексу ББК методических рекомендаций присваивается код ББК для научных библиотек - LBC/SL
327 1 _a1.Народные песни. 2. Пьесы. 3. Ансамбли. 4. Этюды
686 _aЩ 956.793(2Р)
_vLBC/SL
_2rubbk
701 1 _9z01790
_aГлейхман
_bВ. Д.
_f1938-2021
_gВладимир Давидович
_4220
_4340
790 1 _9z01701
_aGlejhman
_bV. D.
_gVladimir Davidovich
_4220
_4340
801 0 _aRU
_bNLR
_c20150616
_gPSBO
801 1 _aRU
_bNLR
_c20150616
_2rusmarc
801 2 _aRU
_bNLR
_c20190630
852 _aNLR
_bМ
_j3/11099
_pМОЭ 2009-26н/294н
_t1
942 _cSCORE
980 _aNB
980 _aONIZ